00985nam a22002175i 4500003000400000005001700004008004100021020001800062040001900080111011400099245021700213264007300430300002800503490004200531650003200573650004200605650003300647700003100680700002500711700003100736OSt20211118112103.0211013s2021 sp 000 0 spa  a9788417600518 aDLCcCDMRbcat2 aAsociación de Historiadores de la Comunicación Spain. Congreson(16è :d2019 :cSantiago de Compostela)10aNuevas perspectivas historiográficas en comunicación :babordajes sobre la prensa en España, Portugal y América Latina /cMarta Rodríguez Castro, Carlos Toural Bran, Alberto Pena Rodríguez (editores). 1aSalamanca :bComunicación Social Ediciones y Publicaciones,c2021. a214 pàgines; c22 cm.0 aColección historia y presente ;v14 0aPremsazEspanyaxHistòria 0aPremsazAmèrica LlatinaxHistòria 0aPremsazPortugalxHistòria1 aRodríguez-Castro, Marta.1 aToural-Bran, Carlos.1 aPena Rodríguez, Alberto,